| 000 | 01833nam a2200433 a 4500 | ||
|---|---|---|---|
| 001 | vtls000391158 | ||
| 003 | NLI | ||
| 005 | 20210602191711.0 | ||
| 008 | 110114s1994 ii a 000 1 ben | ||
| 020 | _cRs. 30.00 | ||
| 039 | 9 |
_y201101140105 _zVLOAD |
|
| 040 |
_aNLI : _beng _cNLMARC21 |
||
| 041 | 1 |
_aben _heng |
|
| 044 | _aii | ||
| 082 | 0 | 4 |
_a823 _222 |
| 100 | 1 |
_6880-01 _aবারোজ, এডগার রাইস্ _92367 |
|
| 240 | 1 | 0 |
_aThuvia, The Maid of Mars _1Bengali |
| 245 | 1 |
_6880-02 _aমঙ্গলের দুহিতা/ _cএডগার রাইস্ বারোজ ; কিশোরদের জন্য বিশেষভাবে সম্পাদনা এবং পরিবেশনা : রথীন্দ্র সরকার ; অঙ্গসজ্জা : অনুপম রায় |
|
| 260 |
_aকলকাতা : _bসাহিত্যয়ন, _c1994 |
||
| 300 |
_a[6], 119 p. : _bill.; _c23 cm. |
||
| 440 | 0 |
_aমঙ্গল অভিযান সিরিজ _vচতুর্থ পর্ব _9198193 |
|
| 500 | _aTranslation from English fiction Thuvia, The Maid of Mars into Bengali | ||
| 650 | 0 |
_aEnglish fiction _xTranslations into Bengali _9497541 |
|
| 700 | 1 |
_6880-03 _aসরকার, রথীন্দ্র _4edt _9136 |
|
| 700 | 1 | _6880-04 | |
| 700 | 1 | _6880-05 | |
| 880 | 1 |
_6100-01(B _aBurroughs, Edgar Rice |
|
| 880 | 1 | 0 |
_6245-02(B _aMangaler duhita _cEdgar Rice Burroughs ; edited by Rathindra Sarkar ; illustrated by Anupam Ray |
| 880 | 1 |
_6700-03(B _aSarkar, Rathindra _4edt |
|
| 880 | 1 | _6700-04(B | |
| 880 | 1 | _6700-05(B | |
| 887 | _aSubrata Biswas | ||
| 901 |
_a55411 _b08.08.97 |
||
| 902 | _aJ/B823 Bu989m | ||
| 904 | _aSubrata Biswas | ||
| 942 |
_2ddc _cBKS |
||
| 949 |
_AVIRTUAITEM _D10000 _X100 _6DBA000055411BEN |
||
| 999 |
_aVIRTUA40 _c347360 _d347360 |
||